| 000 | 00582nam a2200217Ia 4500 | ||
|---|---|---|---|
| 003 | 0100 | ||
| 005 | 20161201113640.0 | ||
| 008 | 130303s9999 xx 000 0 und d | ||
| 040 | _cARRUPELIB | ||
| 050 | _aBT102.M881998 | ||
| 100 |
_aMununguri, Masumbuko _927773 |
||
| 245 | 4 | _aThe closeness approach of the God of our ancestors | |
| 260 | _aNiarobi | ||
| 260 | _bPaulines publications Africa | ||
| 300 | _a111p. | ||
| 300 | _b 30cm. | ||
| 650 |
_bGod _927774 |
||
| 650 |
_bAfrica _xReligion _921261 |
||
| 700 |
_aMasumbuko Mununguri _927775 |
||
| 942 | 0 | 0 |
_02 _2lcc _cMONOGRAPH |
| 999 |
_c17187 _d17187 |
||